[Event "O Pohár mìsta Øíèany 2015 - OPEN A"]
[Site "Øíèany"]
[Date "2015.08.29"]
[Round "9.30"]
[White "Skvaril, Michal"]
[Black "Tvrdy, Jindrich"]
[Result "1-0"]
[WhiteElo "1785"]
[BlackElo "1885"]
[PlyCount "0"]
[EventDate "2015.08.22"]

1. e4 d6 2. Nf3 Nf6 3. Nc3 c6 4. Be2 g6 5. d4 Bg7 6. O-O O-O 7. Be3 b5 8. b4 a5
9. a3 Nbd7 10. Rb1 Nb6 11. Nd2 axb4 12. axb4 d5 13. e5 Ne8 14. Ra1 Be6 15. f4 f5
16. Nb3 Nc4 17. Bf2 Nc7 18. Nc5 Bf7 19. Bd3 Ne6 20. Nxe6 Bxe6 21. Ne2 Rxa1
22. Qxa1 Qa8 23. c3 Qb7 24. Bxc4 dxc4 25. h3 Bd5 26. Kh2 Be4 27. Qb2 Ra8 28. Ra1
Ra6 29. Rxa6 Qxa6 30. g4 e6 31. g5 Qa4 32. Qd2 Qc2 33. Qxc2 Bxc2 34. d5 cxd5
35. Nd4 Kf7 1-0

[Event "O Pohár mìsta Øíèany 2015 - OPEN A"]
[Site "Øíèany"]
[Date "2015.08.29"]
[Round "9.31"]
[White "Zlamana, Anna"]
[Black "Stojkovic, Andrea"]
[Result "1/2-1/2"]
[WhiteElo "1692"]
[BlackElo "1872"]
[PlyCount "0"]
[EventDate "2015.08.22"]

1. e4 c5 2. Nf3 Nf6 3. Nc3 Nc6 4. d4 d5 5. exd5 Nxd5 6. dxc5 Nxc3 7. Qxd8+ Kxd8
8. bxc3 f6 9. Be3 e5 10. O-O-O+ Kc7 11. Bc4 Be7 12. Rd2 Bg4 13. Ne1 g5 14. f3
Bf5 15. g4 Bg6 16. Be6 Rad8 17. Nd3 1/2-1/2

[Event "O Pohár mìsta Øíèany 2015 - OPEN A"]
[Site "Øíèany"]
[Date "2015.08.29"]
[Round "9.32"]
[White "Picek, Miroslav"]
[Black "Sedivy, Ondrej"]
[Result "1-0"]
[WhiteElo "1966"]
[BlackElo "1791"]
[PlyCount "0"]
[EventDate "2015.08.22"]

1. c4 c6 2. e4 d5 3. exd5 cxd5 4. d4 Bf5 5. Nf3 Nf6 6. Nc3 e6 7. a3 dxc4
8. Bxc4 Be7 9. Qb3 Qd7 10. Bb5 Nc6 11. Ne5 Qc7 12. Nxc6 bxc6 13. Qc4 Rc8 14. Ba4
O-O 15. h3 Nd5 16. Bd1 Rfd8 17. Nxd5 cxd5 18. Qxc7 Rxc7 19. Bd2 Rdc8 20. g4 Bd3
21. h4 Bf6 22. Rh3 Ba6 23. Bc3 h6 24. f4 g6 25. g5 hxg5 26. hxg5 Be7 27. Kd2 Kg7
28. Ba4 Rh8 29. Rxh8 Kxh8 30. Rh1+ Kg7 31. Bc2 Bd6 32. Rh4 Bb5 33. a4 Ba6 34. b3
Rb7 35. Ba5 Rb8 36. Kc3 Rc8+ 37. Kb2 Rb8 38. Bd2 Rb7 39. Rh3 Rc7 40. b4 Bc4
41. b5 Rb7 42. Bb3 Bxb3 43. Rxb3 Bc7 44. a5 Kf8 45. Ka3 Ke8 46. Ka4 Kd7 47. Rh3
Ke8 48. Rh8+ Ke7 49. Bb4+ Kd7 50. Rf8 Bb8 51. a6 Rb6 52. Rxf7+ Ke8 53. Rf8+ Kd7
54. Bc5 Bd6 55. Rf7+ Ke8 56. Rxa7 Bxc5 57. dxc5 Rb8 58. c6 d4 59. Rd7 1-0

[Event "O Pohár mìsta Øíèany 2015 - OPEN A"]
[Site "Øíèany"]
[Date "2015.08.29"]
[Round "9.33"]
[White "Helebrand, Frantisek"]
[Black "Pivonka, Michael"]
[Result "1/2-1/2"]
[WhiteElo "1830"]
[BlackElo "1800"]
[PlyCount "0"]
[EventDate "2015.08.22"]

1. e4 c5 2. Nc3 e6 3. Bc4 Nc6 4. f4 Nge7 5. Nf3 d5 6. Bb5 a6 7. Bxc6+ Nxc6
8. d3 Be7 9. O-O O-O 10. Qe1 b5 11. exd5 exd5 12. Ne5 Bb7 13. Nxc6 Bxc6 14. Qf2
d4 15. Ne4 f5 16. Ng3 Bh4 17. Bd2 Qd5 18. a3 Rae8 19. Rae1 Rf6 20. Rxe8+ Bxe8
21. Re1 Re6 22. Re2 Bh5 23. Rxe6 Qxe6 24. Qf1 Bg4 25. Be1 g6 26. Bf2 Bxg3
27. hxg3 1/2-1/2

[Event "O Pohár mìsta Øíèany 2015 - OPEN A"]
[Site "Øíèany"]
[Date "2015.08.29"]
[Round "9.34"]
[White "Barton, Milan"]
[Black "Stork, Rostislav"]
[Result "1/2-1/2"]
[WhiteElo "1745"]
[BlackElo "1809"]
[PlyCount "0"]
[EventDate "2015.08.22"]

1. e4 e5 2. Nf3 Nf6 3. d4 exd4 4. e5 Ne4 5. Qxd4 d5 6. exd6 Nxd6 7. Be2 Nc6
8. Qd1 Be7 9. O-O O-O 10. c3 Bg4 11. h3 Bf5 12. Bd3 Qd7 13. Qc2 Bxd3 14. Qxd3
Rfe8 15. Bf4 Rad8 16. Nbd2 Bf8 17. Rfe1 Rxe1+ 18. Rxe1 Re8 19. Rd1 Qe6 20. Nb3
Qe2 21. Rd2 Qxd3 22. Rxd3 Nc4 23. Rd7 Re7 24. Rxc7 Rxc7 25. Bxc7 Nxb2 26. Nbd4
Na4 27. Nxc6 bxc6 28. Ba5 1/2-1/2

[Event "O Pohár mìsta Øíèany 2015 - OPEN A"]
[Site "Øíèany"]
[Date "2015.08.29"]
[Round "9.35"]
[White "Danhel, Lukas"]
[Black "Hrbek, Stepan"]
[Result "1-0"]
[WhiteElo "1807"]
[BlackElo "1683"]
[PlyCount "0"]
[EventDate "2015.08.22"]

1. e4 e5 2. Nf3 Nc6 3. d4 exd4 4. Nxd4 Bc5 5. Be3 Qf6 6. c3 Nge7 7. Bc4 Ne5
8. Be2 d5 9. O-O dxe4 10. Nb5 Qb6 11. Bxc5 Qxc5 12. Qd4 Qxd4 13. cxd4 Nd5
14. dxe5 a6 15. N1c3 Nxc3 16. Nxc3 Bf5 17. Rfd1 O-O 18. Nd5 Rae8 19. Nxc7 Rxe5
20. Rd5 Rxd5 21. Nxd5 Re8 22. Re1 Kf8 23. g4 Bg6 24. Nf4 Rc8 25. Nxg6+ hxg6
26. Bd1 f5 27. gxf5 gxf5 28. Bb3 Ke7 29. f3 Kf6 30. fxe4 Re8 31. Kf2 fxe4
32. Bd5 Rd8 33. Bxe4 b6 34. Ke3 Rh8 35. Re2 Ke5 36. Bf3 Rd8 37. Rg2 Rd7 38. Rg6
1-0

[Event "O Pohár mìsta Øíèany 2015 - OPEN A"]
[Site "Øíèany"]
[Date "2015.08.29"]
[Round "9.36"]
[White "Macho, Miloslav"]
[Black "Kunc, Jan"]
[Result "1/2-1/2"]
[WhiteElo "1922"]
[BlackElo "1685"]
[PlyCount "0"]
[EventDate "2015.08.22"]

1. Nf3 d5 2. c4 e6 3. d4 Nf6 4. Bg5 Be7 5. e3 O-O 6. Bd3 dxc4 7. Bxc4 c5 8. O-O
Nc6 9. dxc5 Bxc5 10. Nc3 a6 11. Qxd8 Rxd8 12. Bxf6 gxf6 13. Rfd1 b5 14. Rxd8+
Nxd8 15. Bd3 Bb7 16. Rc1 Bb6 17. Be4 Nc6 18. Nd4 Nd8 19. Bxb7 Nxb7 20. Nc6
1/2-1/2

[Event "O Pohár mìsta Øíèany 2015 - OPEN A"]
[Site "Øíèany"]
[Date "2015.08.29"]
[Round "9.37"]
[White "Vlkova, Anezka"]
[Black "Kindl, Frantisek"]
[Result "1-0"]
[WhiteElo "1564"]
[BlackElo "1847"]
[PlyCount "0"]
[EventDate "2015.08.22"]

1. e4 c5 2. Nc3 Nc6 3. g3 Nf6 4. Bg2 h6 5. f4 d6 6. h3 e6 7. d3 Be7 8. Nf3 Nh5
9. Ne2 Qb6 10. c3 Qd8 11. O-O f5 12. Be3 O-O 13. g4 fxe4 14. dxe4 Nf6 15. Ng3
Nh7 16. f5 e5 17. Qd5+ Kh8 18. Nh5 Nf6 19. Nxf6 Bxf6 20. Rad1 Be7 21. Kh2 Bd7
22. Bxc5 Bxf5 23. exf5 dxc5 24. Qe4 Qc7 25. h4 Rad8 26. g5 Rxd1 27. Rxd1 Rd8
28. Re1 Qd6 29. Kh1 hxg5 30. hxg5 Qd3 31. Qh4+ Kg8 32. Qh3 e4 33. g6 Bf6 34. Ng1
Qxh3+ 35. Nxh3 Ne7 36. Bxe4 Rd2 37. Bxb7 Rxb2 38. Bd5+ Kf8 39. Bf7 Rb8 40. Nf4
Nc6 41. Ne6+ Ke7 42. Nxg7+ Ne5 43. Ne6 Nxf7 44. Nxc5+ Ne5 45. Nd3 Kd6 46. Nb4
Rh8+ 47. Kg2 Rh5 48. Rf1 Rg5+ 49. Kh3 a5 50. Nc2 Nc4 51. Nd4 Bxd4 52. cxd4 Ne3
53. Re1 Nxf5 54. Re5 Rg3+ 55. Kh2 Rf3 56. Rxa5 Rc3 57. Rxf5 Rc2+ 58. Kh3 Rxa2
59. g7 1-0

[Event "O Pohár mìsta Øíèany 2015 - OPEN A"]
[Site "Øíèany"]
[Date "2015.08.29"]
[Round "9.38"]
[White "Halla, Jiri"]
[Black "Vorisek, Jakub"]
[Result "1/2-1/2"]
[WhiteElo "1816"]
[BlackElo "1692"]
[PlyCount "0"]
[EventDate "2015.08.22"]

1. b3 d5 2. Bb2 c5 3. e3 Nc6 4. Bb5 Bd7 5. f4 e6 6. Nf3 Nf6 7. O-O Be7 8. d3
O-O 9. Nbd2 b6 10. Bxc6 Bxc6 11. Ne5 Bb7 12. Ndf3 Bd6 13. Qe1 Bxe5 14. Nxe5 Nd7
15. Ng4 h5 16. Ne5 Nxe5 17. Bxe5 f6 18. Bb2 Qe8 19. Qh4 Qf7 1/2-1/2

[Event "O Pohár mìsta Øíèany 2015 - OPEN A"]
[Site "Øíèany"]
[Date "2015.08.29"]
[Round "9.39"]
[White "Palla, Ivan"]
[Black "Cabart, Pavel"]
[Result "1/2-1/2"]
[WhiteElo "1556"]
[BlackElo "1704"]
[PlyCount "0"]
[EventDate "2015.08.22"]

1. g3 Nf6 2. Bg2 g6 3. d4 d5 4. c4 c6 5. cxd5 cxd5 6. Nc3 Bg7 7. Nf3 O-O 8. O-O
Nc6 9. Ne5 e6 10. Bg5 Qb6 11. Na4 Qb4 12. a3 Qd6 13. Bf4 Qe7 14. Bg5 h6 15. Bf4
Nd7 16. Nxc6 bxc6 17. Be3 Ba6 18. Re1 Rfc8 19. Rc1 Rab8 20. Qd2 Kh7 21. b4 Nb6
22. Nb2 Nc4 23. Nxc4 Bxc4 24. Bf4 Rb5 25. e4 g5 26. exd5 cxd5 27. Be3 Rcb8
28. Bf1 Bxf1 29. Kxf1 Qf6 30. Rc5 Qf3 31. Rxb5 Rxb5 32. Qd3+ 1/2-1/2

[Event "O Pohár mìsta Øíèany 2015 - OPEN A"]
[Site "Øíèany"]
[Date "2015.08.29"]
[Round "9.40"]
[White "Chromovsky, Hynek"]
[Black "Nemcova, Kamila"]
[Result "0-1"]
[WhiteElo "1768"]
[BlackElo "1731"]
[PlyCount "0"]
[EventDate "2015.08.22"]

1. e4 c5 2. Nf3 d6 3. d4 cxd4 4. Nxd4 a6 5. c4 Nf6 6. Nc3 g6 7. Be2 Bg7 8. Be3
Nc6 9. O-O O-O 10. f3 Bd7 11. Rc1 Rc8 12. Qd2 Nxd4 13. Bxd4 Bc6 14. Rc2 Qc7
15. Rfc1 Qb8 16. Nd5 Bxd5 17. cxd5 Nd7 18. Be3 Rfd8 19. b4 Rxc2 20. Qxc2 b5
21. Qc7 Bf8 22. Rc6 Qxc7 23. Rxc7 Nb8 24. Kf2 f6 25. Ke1 Kf7 26. Kd2 Ke8 27. Bb6
Nd7 28. Ba5 Bh6+ 29. Kc3 Be3 30. Kb3 Rb8 31. Rc6 Bb6 32. Bxb6 Nxb6 33. Kc3 Rc8
34. Rxc8+ Nxc8 35. a4 Na7 36. a5 Kf7 37. f4 e5 38. fxe5 fxe5 39. Bg4 Ke7 40. Kd3
Kd8 41. Ke3 Nc8 42. Be2 Ne7 43. Kf3 h6 44. h4 Ke8 45. Kg4 Kd8 46. Kh3 Kc7
47. Bg4 Kd8 48. Be6 Ke8 49. g3 Kd8 50. Bf7 Kc8 51. Kg4 Kd7 52. Bxg6 Nxg6 53. Kf5
Ne7+ 54. Kf6 Nxd5+ 55. Kg6 Nxb4 56. Kxh6 Nd3 57. g4 Nf4 58. g5 b4 59. h5 Nxh5
60. Kxh5 b3 0-1

[Event "O Pohár mìsta Øíèany 2015 - OPEN A"]
[Site "Øíèany"]
[Date "2015.08.29"]
[Round "9.41"]
[White "Hlavacek, Ondrej"]
[Black "Havlicek, Pavel"]
[Result "1/2-1/2"]
[WhiteElo "1668"]
[BlackElo "1673"]
[PlyCount "0"]
[EventDate "2015.08.22"]

1. d4 d5 2. c4 e5 3. dxe5 d4 4. Nf3 Nc6 5. a3 f6 6. Bf4 g5 7. Bg3 g4 8. Nfd2
fxe5 9. Nb3 Be6 10. e3 Qf6 11. exd4 exd4 12. Bxc7 Kd7 13. Bg3 Rd8 14. Be2 Kc8
15. Bxg4 Re8 16. O-O Nh6 17. Bxe6+ Rxe6 18. Re1 Bg7 19. Rxe6 Qxe6 20. N1d2 Re8
21. h3 Nf5 22. Bh2 d3 23. Rb1 Ncd4 24. Nxd4 Nxd4 25. Qg4 Nf5 26. Qf4 Be5 27. Qf3
Nd4 28. Qg4 Nf5 29. Bxe5 Qxe5 30. Nf3 Qe6 31. Rd1 Rg8 32. Qh5 Qe4 33. Qf7 Rg7
34. Qf8+ Kd7 35. Kh2 1/2-1/2